| 000 | 00500nam a22001697a 4500 | ||
|---|---|---|---|
| 999 |
_c8348 _d8348 |
||
| 008 | 201113b ||||| |||| 00| 0 eng d | ||
| 040 | _aBMS College of Architecture | ||
| 100 | _aArora, Navya | ||
| 245 | _aA fashion hub | ||
| 300 | _aNA | ||
| 500 | _a1BM15AT052 | ||
| 502 |
_8B,Arch _NBMS College of Architecture, Visvesvaraya Technological University (VTU) _aProject report _d2019 |
||
| 650 | _aFashion | ||
| 700 |
_aPrathima N Reddy _eGuide |
||
| 700 |
_aBhavesh Mehta _eGuide |
||
| 942 |
_2ddc _cTHE |
||